000 00685nam a2200229Ia 4500
003 OSt
005 20240912101824.0
008 220927b |||||||| |||| 00| 0 eng d
020 _a9780745648828
037 _b121, 21/09/2010, Pioneer Book Distributors
040 _aSDCL
_cSDCL
_beng
041 _2eng
_aeng
082 _aRxJ88 Q0
100 _aGert, Bernard.
_9444179
245 0 _aHobbes:
_b Prince of peace/
260 _aCambridge:
_bPolity,
_c2010.
300 _axi,183p.
_ccm.
490 _aClassic Thinkers.
650 _aPhilosophy
942 _hRxJ88 Q0
_cTEXL
_2CC
999 _c759297
_d759297